000 00600nam a2200181Ia 4500
008 151202s9999||||xx |||||||||||||| ||und||
082 _bPNVM-52646
100 _aभागवत विद्याार.
245 _aप्रस्थान.
260 _b"चिंतामणी साहित्य सहयोग ,कुडाल."
260 _c1984
300 _a240
600 _aभागवत विद्याार.
630 _aप्रस्थान.
700 _aभागवत विद्याार.
730 _aप्रस्थान.
942 _cBOOK
999 _c1319185
_d1319182